| 000 -LEADER |
| fixed length control field |
01084nam a2200277Ia 4500 |
| 001 - CONTROL NUMBER |
| control field |
21347 |
| 003 - CONTROL NUMBER IDENTIFIER |
| control field |
GE_BSU |
| 005 - DATE AND TIME OF LATEST TRANSACTION |
| control field |
20210909175230.0 |
| 008 - FIXED-LENGTH DATA ELEMENTS--GENERAL INFORMATION |
| fixed length control field |
181216s2017||||ru |||||||||||||| ||rus|| |
| 020 ## - INTERNATIONAL STANDARD BOOK NUMBER |
| International Standard Book Number |
9785406048559 |
| 040 ## - CATALOGING SOURCE |
| Transcribing agency |
GE_BSU |
| 080 ## - UNIVERSAL DECIMAL CLASSIFICATION NUMBER |
| Universal Decimal Classification number |
32(075.8) Е-30 |
| 100 ## - MAIN ENTRY--PERSONAL NAME |
| Personal name |
Егоров, В. Г. |
| 9 (RLIN) |
12424 |
| 245 ## - TITLE STATEMENT |
| Title |
Сравнительная политология постсоветского пространства : |
| Remainder of title |
Учебное пособие / |
| Statement of responsibility, etc. |
В. Г. Егоров, А. В. Абрамов, С. Н. Федорчено |
| 264 ## - PRODUCTION, PUBLICATION, DISTRIBUTION, MANUFACTURE, AND COPYRIGHT NOTICE |
| Place of production, publication, distribution, manufacture |
Москва : |
| Name of producer, publisher, distributor, manufacturer |
Кнорус, |
| Date of production, publication, distribution, manufacture, or copyright notice |
2017. |
| 300 ## - PHYSICAL DESCRIPTION |
| Extent |
411 стр. ; |
| Dimensions |
22 см. |
| 440 ## - SERIES STATEMENT/ADDED ENTRY--TITLE |
| Title |
Бакалавриат |
| 9 (RLIN) |
12412 |
| 500 ## - GENERAL NOTE |
| General note |
библиог. стр. 409-410 |
| 653 ## - INDEX TERM--UNCONTROLLED |
| keyword |
Политика |
| 653 ## - INDEX TERM--UNCONTROLLED |
| keyword |
Сравнительная политология постсоветского пространства |
| 653 ## - INDEX TERM--UNCONTROLLED |
| keyword |
პოლიტიკა |
| 700 ## - ADDED ENTRY--PERSONAL NAME |
| Personal name |
Абрамов, А. В. |
| Titles and other words associated with a name |
Автор |
| 9 (RLIN) |
12425 |
| 700 ## - ADDED ENTRY--PERSONAL NAME |
| Personal name |
Федорчено, С. Н. |
| Titles and other words associated with a name |
Автор |
| 9 (RLIN) |
12426 |
| 942 ## - ADDED ENTRY ELEMENTS (KOHA) |
| Koha item type |
წიგნი |
| Source of classification or shelving scheme |
|